Stakeholders incentives in participatory forest management : a manual for economic analysis

Bibliographic Details
Main Author: RICHARDS
Other Authors: Davies, Yaron
Format: Book
Published: London : ITDG Pub. , 2003
Subjects:

MARC

LEADER 00000cam a2200000 7i4500
001 0000002381
005 20030604.0
020 0 0 |a 1853395595 
090 0 0 |a 634.92   |b RIC 2003 
100 1 0 |a RICHARDS   |h Michael 
245 1 0 |a Stakeholders incentives in participatory forest management :   |b a manual for economic analysis   |c Michael Richards, Jonathan Davies, Gil Yaron 
260 0 0 |a London :   |b ITDG Pub. ,   |c 2003 
300 |a xvii, 238 p. ;   |c 25 cm. 
500 0 0 |a Includes bibliographical references p. 221-228 and index 
650 0 0 |a Forest Management   |x Economic aspects 
650 0 0 |a Forests and forestry   |x Economic aspects 
700 0 1 |a Davies   |h Jonathan 
700 0 1 |a Yaron   |h Gil 
998 |a JPSM 
999 |a 0000004207   |b Monograph   |c Open Shelf   |e Default branch